Auditing e-Voting pilot processes and systems at the elections for the european parliament and for the portuguese parliament /
Đã lưu trong:
| Tác giả chính: | |
|---|---|
| Tác giả khác: | , , , |
| Định dạng: | Texto |
| Những chủ đề: | |
| Các nhãn: |
Thêm thẻ
Không có thẻ, Là người đầu tiên thẻ bản ghi này!
|
MARC
| LEADER | 00000 a a2200000 04500 | ||
|---|---|---|---|
| 001 | 18927 | ||
| 003 | |||
| 040 | |||
| 100 | |a Falcao, Joao | ||
| 245 | |a Auditing e-Voting pilot processes and systems at the elections for the european parliament and for the portuguese parliament / |c Joao Falcao ; Joao Pascoal Faria ; Mario Jorge Leitao ; Antonio Pimenta ; Maria Antónia Carravilla | ||
| 650 | |a VOTO ELECTRONICO | ||
| 650 | |a INTERNET | ||
| 650 | |a SISTEMAS ELECTORALES | ||
| 650 | |a TECNOLOGIA ELECTRONICA | ||
| 650 | |a EXPERIMENTOS | ||
| 650 | |a SEGURIDAD SOCIAL | ||
| 650 | |a EUROPA | ||
| 650 | |a PORTUGAL | ||
| 700 | |a Faria, Joao Pascoal | ||
| 700 | |a Leitao, Mario Jorge | ||
| 700 | |a Pimenta, Antonio | ||
| 700 | |a Carravilla, Maria Antónia | ||
| 773 | |g número 25; páginas 93-114 | ||
| 999 | |c 32785 |d 32785 | ||
